000 00505nam a2200169Ia 4500
003 OSt
005 20200121095316.0
008 190216s9999||||xx |||||||||||||| ||und||
040 _coclc
082 _a658.3
_bVEN/H
100 1 _aVenugopalan, K.
_9874
245 0 _aHuman Resource Management /
_cK Venugopalan ; Abdul Assis Koroth
260 _bCalicut University Stores,
_c2009.
_aCalicut:
300 _a324p
650 _aManagement
942 _cBK
_2ddc
_h658.3
_iVEN/H
_k658.3
_mVEN/H
999 _c6796
_d6796